000 00238nam a2200109Ia 4500
008 190216s9999||||xx |||||||||||||| ||und||
100 _aLiyo Tolstoy
245 0 _aKosakugal
260 _bRaduga Pub
650 _aNovel
942 _cBK
999 _c26640
_d26640